000 01138nam a2200289Ia 4500
003 OSt
005 20220930080202.0
006 a|||||r|||| 00| 0
007 ta
008 220926b |||||||| |||| 00| 0 eng d
024 _a85933
037 _cTheses
040 _aCRL
_cCRL
_beng
041 _2eng
_aeng
100 _aBhatia Kush
_9538266
110 _aUniversity of Delhi. Faculty of Medical Sciences. Department of Medicine
245 0 _aStudy the prevalence of genetic mutations of methylenetetrahydrofolate reductase gene in patients of acute ischemic stroke and its correlation with plasma homocysteine levels
260 _c2006
650 _aMEDICINE
700 _a Dr. Jayashree Bhattacharjee Gu.
_9536865
700 _a Dr. K. N. Saraswathy Gu.
_9538267
700 _a Dr. Rajinder K. Dhamija Gu.
_9536087
700 _a Dr. S. K. Mishra Gu.
_9536082
700 _aUniversity of Delhi. Faculty of Medical Sciences. Department of Medicine
942 _cDIS
_2CC
999 _c869429
_d869429